|
|
|
|
| LEADER |
00693nab a2200181 i 4500 |
| 001 |
acta26428 |
| 005 |
20210224151338.0 |
| 008 |
161017s1973 hu o 0|| hun d |
| 022 |
|
|
|a 0544-7224
|
| 040 |
|
|
|a SZTE Egyetemi Kiadványok Repozitórium
|b hun
|
| 041 |
|
|
|a hun
|
| 100 |
1 |
|
|a Kormány Gyula
|
| 245 |
1 |
2 |
|a A felszabadulás utáni gazdasági eredményeink bemutatása az általános iskola 8. osztálya földrajzóráin
|h [elektronikus dokumentum] /
|c Kormány Gyula
|
| 260 |
|
|
|c 1973
|
| 300 |
|
|
|a 342-352
|
| 490 |
0 |
|
|a Módszertani közlemények
|v 13 No. 5
|
| 695 |
|
|
|a Neveléstudomány, Földrajz
|
| 856 |
4 |
0 |
|u http://acta.bibl.u-szeged.hu/26428/1/modszertani_013_005_342-352.pdf
|z Dokumentum-elérés
|